English for Business 2: Effective Letter Writing Business Reports (Record no. 2656)

MARC details
005 - DATE AND TIME OF LATEST TRANSACTION
control field 20250526084615.0
082 ## - DEWEY DECIMAL CLASSIFICATION NUMBER
Classification number 651.014 STE
100 ## - MAIN ENTRY--PERSONAL NAME
Author name STEWART, M. M.
245 ## - TITLE STATEMENT
Title English for Business 2: Effective Letter Writing Business Reports
260 ## - PUBLICATION, DISTRIBUTION, ETC.
Place of publication, distribution, etc. New York,
Name of publisher, distributor, etc. McGraw-Hill,
Date of publication, distribution, etc. 1968.
300 ## - PHYSICAL DESCRIPTION
Extent 223p.: ill.; picture.
Other physical details Index & Reference.
Dimensions 23cm.
700 ## - ADDED ENTRY--PERSONAL NAME
Other authors/Editors LANHAM, F. W. & ZIMMER, K.
942 ## - ADDED ENTRY ELEMENTS (KOHA)
Source of classification or shelving scheme Dewey Decimal Classification
Koha item type Books
Holdings
Date last seen Total checkouts Full call number Barcode Cost, replacement price Price effective from Koha item type Lost status Source of classification or shelving scheme Damaged status Not for loan Withdrawn status Home library Current library Shelving location Date acquired Cost, normal purchase price
05/26/2025   LECT 651.014 STE 0000009873 30000.00 05/26/2025 Books   Dewey Decimal Classification       College of Business Education Main Library College of Business Education Main Library General Collection 05/26/2025 10000.00